Pragmatický marxista na čele NATO Generálny tajomník Severoatlantického paktu Javier Solana Madariaga

Bibliographic Details
Main Author: Moravčík, Leopold, 1944- (Author)
Format: Article
Language:Slovak
PhysicalDescription:Fotogr. 4
Subjects:

MARC

LEADER 00000nab a2200000 a 4500
001 vtls000622884
003 SK-MaSNL
005 20260303172324.0
008 160321c1997 xo 0 slo
015 |a SNBRB19rr/mm-uuuuu 
035 |a CL0623023 
040 |a SNKBUCL  |b slo  |c SNKBUCL  |e AACR2 
041 0 |a slo 
044 |a xo  |c SK 
080 |a 32-051(460):327.51(100)  |2 1981 
080 |a 327.51(100)  |2 1981 
080 |a 929 Solana, Javier  |2 1981 
100 1 |a Moravčík, Leopold,  |d 1944-  |4 aut  |9 209614 
245 1 0 |a Pragmatický marxista na čele NATO  |b Generálny tajomník Severoatlantického paktu Javier Solana Madariaga  |c Leopold Moravčík 
300 |b Fotogr. 4 
600 1 7 |a Solana, Javier,  |d 1942-  |2 snkbucl  |9 156864 
655 7 |a články z novín a časopisov  |2 snkbucl  |9 267496 
773 0 |t Pravda  |g Roč. 7, č. 117 (23. 5. 1997), s. 15 
850 |a Slovenská národná knižnica v Martine  |a MTA001 
852 |a SNK  |b KIS3GCP 
958 |a ES 
958 |a BC 
958 |a RK 
958 |a RBX 
999 |c 2085946  |d 2087876